Problemas de ingenería química (Record no. 110211)

MARC details
000 -LEADER
campo de control de longitud fija 00698nam a2200217 4500
001 - NÚMERO DE CONTROL
campo de control 110211
003 - IDENTIFICADOR DE NÚMERO DE CONTROL
campo de control ES-MaACL
005 - FECHA Y HORA DE LA ÚLTIMA TRANSACCIÓN
campo de control 20250815085328.0
007 - CAMPO FIJO DE DESCRIPCIÓN FÍSICA--INFORMACIÓN GENERAL
campo de control de longitud fija t|
008 - DATOS DE LONGITUD FIJA--INFORMACIÓN GENERAL
campo de control de longitud fija 061121s1978 sp r ||||1| spa d
100 0# - ENTRADA PRINCIPAL--NOMBRE DE PERSONA
Nombre de persona Ocón García, Joaquín.
9 (RLIN) 86506
245 10 - MENCIÓN DEL TÍTULO
Título Problemas de ingenería química
Resto del título : operaciones básicas /
Mención de responsabilidad, etc. Joaquín Ocón García, Gabriel Tojo Barreiro.
250 ## - MENCION DE EDICION
Mención de edición 3ª. ed. 4ª reimp.
260 ## - PUBLICACIÓN, DISTRIBUCIÓN, ETC.
Lugar de publicación, distribución, etc. Madrid :
Nombre del editor, distribuidor, etc. Aguilar,
Fecha de publicación, distribución, etc. 1978.
300 ## - DESCRIPCIÓN FÍSICA
Extensión 2v. :
Otras características físicas il. ;
Dimensiones 22 cm.
490 1# - MENCIÓN DE SERIE
Mención de serie Ciencia y técnica
700 1# - ENTRADA AGREGADA--NOMBRE PERSONAL
Nombre de persona Tojo Barreiro, Gabriel.
9 (RLIN) 110432
830 00 - PUNTO DE ACCESO ADICIONAL DE SERIE-TÍTULO UNIFORME
Título uniforme Ciencia y técnica
9 (RLIN) 177702
852 ## - LOCALIZACIÓN
Ubicación ES-MaACL
Número de control de estantería A-9474-5
Sublocalización o colección R.98224
Holdings
Estatus retirado Estado de pérdida Estado de daño No para préstamo Biblioteca de origen Biblioteca actual Ubicación en estantería Fecha de adquisición Fuente de adquisición Total de préstamos Signatura topográfica completa Código de barras Visto por última vez Precio de reemplazo Tipo de ítem Koha
        Biblioteca del Ateneo de Madrid Biblioteca del Ateneo de Madrid Depósito 1 17/01/2008     A-9474-5 1114982 23/02/2023 23/02/2023 Libro impreso